Văn hóa dân gian làng Vạn Ninh

Nội dung giới thiệu khái quát về làng Vạn Ninh, những đặc trưng về phong tục, tập quán, lễ hội dân gian, nghề truyền thống, tri thức dân gian, mấy suy nghĩ về giá trị dân gian của người Vạn Ninh và giải pháp bảo tồn - phát huy giá trị di sả...

Volledige beschrijving

Bewaard in:
Bibliografische gegevens
Formaat: Boek
Taal:Undetermined
Gepubliceerd in: Hà Nội Mỹ thuật 2017
Onderwerpen:
Tags: Voeg label toe
Geen labels, Wees de eerste die dit record labelt!
Thư viện lưu trữ: Trung tâm Học liệu Trường Đại học Cần Thơ
LEADER 00955nam a2200193Ia 4500
001 CTU_225574
008 210402s9999 xx 000 0 und d
082 |a 398.09597 
082 |b V115/Q.1 
245 0 |a Văn hóa dân gian làng Vạn Ninh 
245 0 |c Nguyễn Quang Vinh (sưu tầm, biên khảo) 
260 |a Hà Nội 
260 |b Mỹ thuật 
260 |c 2017 
520 |a Nội dung giới thiệu khái quát về làng Vạn Ninh, những đặc trưng về phong tục, tập quán, lễ hội dân gian, nghề truyền thống, tri thức dân gian, mấy suy nghĩ về giá trị dân gian của người Vạn Ninh và giải pháp bảo tồn - phát huy giá trị di sản của Làng Vạn Ninh. 
650 |a Văn hóa dân gian,Folklore 
650 |z Việt Nam,Vietnam 
910 |b dqhieu 
980 |a Trung tâm Học liệu Trường Đại học Cần Thơ